Statistics for DEMON SLAYER all important characters

Click here to take the quiz!

General Stats

  • This quiz has been taken 175 times
  • The average score is 32 of 52

Answer Stats

Answer% Correct
tanjiro
94%
nezuko
92%
inosuke
91%
zenitsu
91%
tengen
89%
rengoku
88%
shinobu
88%
shinobu
88%
muzan
87%
mitsuri
84%
akaza
83%
kanao
82%
kanao
82%
obanai
81%
sanemi
80%
muichiro
78%
aoi
77%
gyomei
77%
tomioka
77%
douma
73%
daki
72%
rui
70%
enmu
66%
hantengu
65%
genya
64%
gyokko
63%
gyutaro
63%
kanae
63%
kanae
63%
suma
63%
makio
57%
hinatsuru
54%
urokodaki
51%
nakime
50%
sumi
50%
yorichi
50%
jigoro
47%
naho
45%
kaigaku
43%
kokushibou
43%
shinjuro
42%
kiyo
37%
susamaru
37%
kyogai
36%
tamayo
34%
yahaba
32%
rokuro
27%
murata
26%
mukago
25%
yushiro
24%
kamanue
23%
wakuraba
22%

Score Distribution

Percentile by Number Answered

Percent of People with Each Score

Your Score History

You have not taken this quiz